书目信息 |
| 题名: |
机械工程材料
|
|
| 作者: | 张宝忠 主编 ;晁拥军 , 陈云祥 副主编 | |
| 分册: | ||
| 出版信息: | 杭州 浙江大学出版社 2004 |
|
| 页数: | 240页 | |
| 开本: | 23cm | |
| 丛书名: | ||
| 单 册: | ||
| 中图分类: | TH14 | |
| 科图分类: | ||
| 主题词: | 机械制造材料--高等学校--教材 , 机械制造材料 | |
| 电子资源: | ||
| ISBN: | 7-308-03822-X | |
| 000 | 00979nam0 2200301 45 | |
| 001 | 0900000015362 | |
| 005 | 20050912172427.15 | |
| 010 | @a7-308-03822-X@dCNY22.00 | |
| 100 | @a20041110d2004 ekmy0chiy0120 ea | |
| 101 | 0 | @achi |
| 102 | @aCN@b330000 | |
| 105 | @aak az 000yy | |
| 200 | 1 | @a机械工程材料@Aji xie gong cheng cai liao@f张宝忠主编@Fzhang bao zhong zhu bian@g晁拥军,陈云祥副主编 |
| 210 | @a杭州@c浙江大学出版社@d2004 | |
| 215 | @a240页@c图@d23cm | |
| 300 | @a机电专业系列教材 | |
| 300 | @a高职高专规划教材 | |
| 320 | @a有书目 | |
| 330 | @a本书共分为9章。包括:金属的晶体结构与力学性能、金属的结晶与铁碳相图、金属的塑性变形与再结晶等等内容。 | |
| 606 | 0 | @a机械制造材料@x高等学校@j教材 |
| 606 | 0 | @a机械制造材料 |
| 690 | @aTH14@v4 | |
| 701 | 0 | @a张宝忠@Azhang bao zhong@4主编 |
| 702 | 0 | @a晁拥军@Achao yong jun@4副主编 |
| 702 | 0 | @a陈云祥@Achen yun xiang@4副主编 |
| 801 | 0 | @aCN@bTSSF@c20050912 |
| 905 | @a10447@dTH14@e7 | |
| 999 | @aLLW@eJDD | |
| 机械工程材料/张宝忠主编/晁拥军,陈云祥副主编.-杭州:浙江大学出版社,2004 |
| 240页:图;23cm |
| 机电专业系列教材.-高职高专规划教材 |
| ISBN 7-308-03822-X:CNY22.00 |
| 本书共分为9章。包括:金属的晶体结构与力学性能、金属的结晶与铁碳相图、金属的塑性变形与再结晶等等内容。 |
| ● |
| 相关链接 |
|
|
|
|
正题名:机械工程材料
索取号:TH14/7
 
预约/预借
| 序号 | 登录号 | 条形码 | 馆藏地/架位号 | 状态 | 备注 |
| 1 | 0360993 | 3609937 | 第二样本阅览室/ [索取号:TH14/7] | 在馆 | |
| 2 | 0360994 | 3609946 | 第三借阅区/ [索取号:TH14/7] | 在馆 | |
| 3 | 0360995 | 3609955 | 第三借阅区/ [索取号:TH14/7] | 在馆 | |
| 4 | 0360996 | 3609964 | 第三借阅区/ [索取号:TH14/7] | 在馆 | |
| 5 | 0360997 | 3609973 | 第三借阅区/ [索取号:TH14/7] | 在馆 | |
| 6 | 0360998 | 3609982 | 第三借阅区/ [索取号:TH14/7] | 在馆 |